Every Class 1 Minnesota Senator - Statistics

General Stats
  • This quiz has been taken 34 times
  • The average score is 7 of 16
Answer Stats
Picture Hint Answer % Correct
D(2007-) Amy Klobuchar
100%
D(1971-1978) Hubert Humphrey
100%
D(1978-1978) Muriel B. Humphrey
100%
D(2001-2007) Mark Dayton
86%
R(1978-1995) David F. Durenberger
43%
D(1959-1971) Eugene McCarthy
43%
R(1995-2001) Rod Grams
43%
R(1863-1875) Alexander Ramsey
29%
R(1887-1900) Cushman K. Davis
29%
R(1917-1923) Frank B. Kellogg
29%
R(1923-1947) Henrik Shipstead
29%
D(1900-1901) Charles A. Towne
14%
R(1947-1959) Edward J. Thye
14%
D(1858-1863) Henry M. Rice
14%
R(1901-1917) Moses E. Clapp
14%
R(1875-1887) Samuel J. R. McMillan
14%
No matching quizzes found
Score Distribution
Percent of People with Each Score
Percentile by Number Answered
Your Score History
You have not taken this quiz